MARC

LEADER 00000nam0a2200000 4500
001 285897
005 20231101235835.0
035 |a (RuTPU)RU\TPU\book\310184 
035 |a RU\TPU\book\323327 
090 |a 285897 
100 |a 20150616d1978 m y0rusy50 ca 
101 0 |a rus 
102 |a RU 
105 |a a z 001zy 
200 1 |a Любознательным о химии. Неорганическая химия  |f Б. Н. Конарев 
210 |a Москва  |c Химия  |d 1978 
215 |a 240 с.  |c ил. 
225 1 |a Научно-популярная литература 
320 |a Библиогр.: с. 238-239 
606 1 |a Неорганическая химия  |2 stltpush  |3 (RuTPU)RU\TPU\subj\67586  |9 83311 
610 1 |a химические элементы 
610 1 |a химические законы 
610 1 |a открытие 
610 1 |a неорганические вещества 
610 1 |a история 
610 1 |a распад 
610 1 |a искусственные элементы 
610 1 |a создание 
675 |a 546  |v 4 
700 1 |a Конарев  |b Б. Н.  |g Борис Николаевич 
801 0 |a RU  |b RuMRKP  |c 19950704  |g psbo 
801 1 |a RU  |b 63413507  |c 20150302 
801 2 |a RU  |b 63413507  |c 20221208  |g RCR 
942 |c BK